000 00311nam a2200133Ia 4500
008 160319s9999 xx 000 0 und d
020 _a9714206650
050 _bIB13 2006
245 _aIbong Adarna /
245 _cedited by Dolores Aranda
260 _bTrinitas Pub. Inc.
260 _c2006
300 _a234
999 _c292301
_d292301